Star Wars : Thrawnova trilogie. Díl druhý, Temná síla na vzestupu /
Druhý svazek volné trilogie o hvězdných válkách.
Uloženo v:
| Série: | Star Wars - Trilogie Thrawn,
část 2 |
|---|---|
| Hlavní autor: | |
| Další autoři: | |
| Médium: | E-kniha |
| Jazyk: | Czech |
| Vydáno: |
V Praze :
Egmont,
2021
|
| Vydání: | Čtvrté vydání, v Egmontu druhé |
| Témata: | |
| Příbuzné jednotky: | Z cyklu::
Star Wars - Trilogie Thrawn |
| Tagy: |
Žádné tagy |
| LEADER | 03057nam a2200553 i 4500 | ||
|---|---|---|---|
| 001 | 311435 | ||
| 003 | CZ PrSKC | ||
| 005 | 20260601215705.0 | ||
| 007 | ta | ||
| 008 | 211103s2021 xr c 000 f cze | ||
| 015 | |a cnb003369214 | ||
| 020 | |a 9788025249970 |q (brožováno) : |c Kč 399,00 | ||
| 035 | |a (OCoLC)1288051769 | ||
| 035 | |a (OCoLC)1291383545 | ||
| 040 | |a ABG001 |b cze |e rda | ||
| 041 | 1 | |a cze |h eng | |
| 072 | 7 | |a 821.111(73)-3 |x Americká próza |2 Konspekt | |
| 072 | 7 | |a 821-93 |x Literatura pro děti a mládež (beletrie) |2 Konspekt | |
| 080 | |a 821.111(73)-31 |2 MRF | ||
| 080 | |a 821-93 |2 MRF | ||
| 080 | |a (0:82-311.9) |2 MRF | ||
| 100 | 1 | |a Zahn, Timothy, |d 1951- |7 jn20010310198 |4 aut | |
| 240 | 1 | 0 | |a Dark force rising. |l Česky |7 aun2010591205 |
| 245 | 1 | 0 | |a Star Wars : |b Thrawnova trilogie. |n Díl druhý, |p Temná síla na vzestupu / |c Timothy Zahn ; z anglického originálu Dark force rising přeložil Milan Pohl |
| 246 | 3 | 0 | |a Temná síla na vzestupu |
| 246 | 3 | 0 | |a Thrawnova trilogie |
| 250 | |a Čtvrté vydání, v Egmontu druhé | ||
| 264 | 1 | |a V Praze : |b Egmont, |c 2021 | |
| 300 | |a 398 stran ; |c 20 cm | ||
| 336 | |a text |b txt |2 rdacontent | ||
| 337 | |a bez média |b n |2 rdamedia | ||
| 338 | |a svazek |b nc |2 rdacarrier | ||
| 500 | |a Na obálce nad názvem uvedeno: Legends | ||
| 520 | 2 | |a Druhý svazek volné trilogie o hvězdných válkách. |b Nejschopnější a nejnemilosrdnější vojevůdce umírajícího Impéria velkoadmirál Thrawn mobilizuje zbytky imperiální flotily a zahajuje mohutný útok, jehož cílem je zničení Nové republiky. Han Solo a Lando Calrissian závodí s časem a snaží se najít důkaz o velezradě v nejvyšší radě Republiky - místo toho však narazí na přízračnou flotilu válečných lodí, která může zpečetit osud jejich přátel a přinést konečné vítězství nepříteli. Největší nebezpečí však hrozí od nenávistného Temného Jediho, který povstal z popela minulosti zahalené rouškou tajemství a touží obrátit Luka Skywalkera na temnou stranu. | |
| 521 | 8 | |a Pro čtenáře od 12 let | |
| 655 | 7 | |a americké romány |7 fd131796 |2 czenas | |
| 655 | 7 | |a vědecko-fantastické romány |7 fd133847 |2 czenas | |
| 655 | 7 | |a publikace pro mládež |7 fd133157 |2 czenas | |
| 655 | 9 | |a American fiction |2 eczenas | |
| 655 | 9 | |a science fiction novels |2 eczenas | |
| 655 | 9 | |a juvenile literature |2 eczenas | |
| 700 | 1 | |a Pohl, Milan, |d 1982- |7 xx0064353 |4 trl | |
| 787 | 0 | 8 | |i Z cyklu: |t Star Wars - Trilogie Thrawn |g 2 |
| 900 | |a ABA001 |b 21 | ||
| 928 | 9 | |a Albatros Media - Egmont | |
| 044 | |a xr | ||
| 910 | |a RBIT002 | ||
| 998 | |d 337146 |a https://core.palmknihy.cz/api/books/337146/cover?si6g6v |b https://core.palmknihy.cz/api/books/337146/cover/400?si6g6v |c https://core.palmknihy.cz/api/books/337146/cover/50?si6g6v |e 2026-12-31 |g 408 |i 9788025249970 |j https://core.palmknihy.cz/api/books/337146/preview.epub |k https://core.palmknihy.cz/api/books/337146/preview.pdf |l |q 49 |r 1 |s https://www.palmknihy.cz/kniha/337146 |t ebook |y 2021 |z 0 |v Star Wars - Trilogie Thrawn |w 2 | ||
| 999 | |d 311433 | ||